00814 2200193 4500245005900000020002200059250001100081100002100092700002100113700002200134650001700156005001900173260004800192041001400240084001100254300002500265500032100290336000900611 aToko Jajanan Ajaib Zenitendo 4cHiroshima, ReikohText a978-623-134-189-1 aCet. 1 aHiroshima, Reiko aAnindhita Raghia aAprilia Ramadhani aNovel Remaja a20250305090110 aJakartabKepustakaan Populer Gramediac2024 aIndonesia a808.83 av, 165 hlm. :cilus. aPersaingan jajanan antara Zenitendo dan Tatarimedo semakin sengit. Tatarimedo sangat gigih merebut pelanggan. Zenitendo dengan iming-iming kekuatan jajanan yang lebih dahsyat. Akankah adu jajanan berakhir? Jajanan dalam buku ini, di antaranya : Bakpao Serigala, Telur Cokelat Goblin, dan Permen Sirup Jagung Pelangi. atext